<?xml version="1.0" encoding="UTF-8"?>
<record
    xmlns:xsi="http://www.w3.org/2001/XMLSchema-instance"
    xsi:schemaLocation="http://www.loc.gov/MARC21/slim http://www.loc.gov/standards/marcxml/schema/MARC21slim.xsd"
    xmlns="http://www.loc.gov/MARC21/slim">

  <leader>03065nam a22003377a 4500</leader>
  <datafield tag="999" ind1=" " ind2=" ">
    <subfield code="c">27851</subfield>
    <subfield code="d">27851</subfield>
  </datafield>
  <controlfield tag="005">20190226084846.0</controlfield>
  <controlfield tag="008">111215t        mx ||||| |||| 00| 0 spa d</controlfield>
  <datafield tag="050" ind1="0" ind2="4">
    <subfield code="a">BX1427.A35.M86</subfield>
    <subfield code="b">O27 1852</subfield>
  </datafield>
  <datafield tag="100" ind1="1" ind2=" ">
    <subfield code="a">Mungu&#xED;a, Clemente de Jes&#xFA;s, </subfield>
    <subfield code="c">[Obispo],</subfield>
    <subfield code="d">[1810-1868],</subfield>
    <subfield code="q">[Clemente de Jes&#xFA;s Mungu&#xED;a y N&#xFA;&#xF1;ez]</subfield>
  </datafield>
  <datafield tag="245" ind1="1" ind2="0">
    <subfield code="a">Obras diversas del Licenciado Clemente de Jes&#xFA;s Mungu&#xED;a :</subfield>
    <subfield code="b">obispo de Michoac&#xE1;n /</subfield>
    <subfield code="c">Clemente de Jes&#xFA;s Mungu&#xED;a.</subfield>
  </datafield>
  <datafield tag="250" ind1=" " ind2=" ">
    <subfield code="a">1a ed.</subfield>
  </datafield>
  <datafield tag="260" ind1=" " ind2=" ">
    <subfield code="a">Morelia, Michoac&#xE1;n de Ocampo, M&#xE9;xico :</subfield>
    <subfield code="b">Imprenta de Ignacio Arango, </subfield>
    <subfield code="c">1852</subfield>
  </datafield>
  <datafield tag="300" ind1=" " ind2=" ">
    <subfield code="a"> v. ;</subfield>
    <subfield code="c">26 cm.</subfield>
  </datafield>
  <datafield tag="440" ind1=" " ind2="0">
    <subfield code="a">Obras Diversas.</subfield>
    <subfield code="n">No.I</subfield>
    <subfield code="p">Primera serie ;</subfield>
    <subfield code="v">v.1-3</subfield>
  </datafield>
  <datafield tag="440" ind1=" " ind2="0">
    <subfield code="a">Obras Diversas.</subfield>
    <subfield code="n">No.I</subfield>
    <subfield code="p">Segunda serie ;</subfield>
    <subfield code="v">v. 1-3</subfield>
  </datafield>
  <datafield tag="440" ind1=" " ind2="0">
    <subfield code="a">Obras Diversas.</subfield>
    <subfield code="n">No.I</subfield>
    <subfield code="p">Segunda serie ;</subfield>
    <subfield code="v">v. 1-3</subfield>
  </datafield>
  <datafield tag="500" ind1=" " ind2=" ">
    <subfield code="a">En el lomo de la pasta del v. I. segunda serie dice: Obras diversas. segunda serie. v. 5 : Estudios sobre el Hombre. t. I</subfield>
  </datafield>
  <datafield tag="500" ind1=" " ind2=" ">
    <subfield code="a">Nota : El volumen 1-3 (1a. serie) esta enfermo (hongo)</subfield>
  </datafield>
  <datafield tag="504" ind1=" " ind2=" ">
    <subfield code="a">Incluye referencias bibliogr&#xE1;ficas e &#xED;ndice</subfield>
  </datafield>
  <datafield tag="505" ind1="1" ind2=" ">
    <subfield code="a">Contenido:</subfield>
    <subfield code="g">v. 1-3. (1a. serie). --</subfield>
    <subfield code="t">I. Los Principios de la Iglesia Cat&#xF3;lica comparados con los de las escuelas racionalistas en sus relaciones con la ense&#xF1;anza y la educaci&#xF3;n p&#xFA;blica. -- II. Memoria instructiva sobre el or&#xED;gen, progresos y estado actual de la ense&#xF1;anza y educaci&#xF3;n p&#xFA;blica en el Seminario Tridentino de Morelia. -- III. Del pensamiento y su enunciaci&#xF3;n considerado en s&#xED; mismo, en sus relaciones y en sus leyes. </subfield>
  </datafield>
  <datafield tag="505" ind1="1" ind2=" ">
    <subfield code="a">Contenido:</subfield>
    <subfield code="g">v. 1-3. (2a. serie). --</subfield>
    <subfield code="t">I. Estudios fundamentales sobre el hombre, considerado bajo el triple aspecto de la religi&#xF3;n, de la moral y de las leyes. -- II. Ex&#xE1;men filos&#xF3;fico sobre las relaciones del &#xF3;rden natural y el sobrenatural, ya entre si, ya con la perfecci&#xF3;n intelectual, moral y social de la especie humana -- III. Disertaci&#xF3;n sobre el estudio de la lengua castellana, discurso sobre la bella literatura, disertaci&#xF3;n sobre la elocuencia religiosa, arengas, ensayos de cr&#xED;tica.</subfield>
  </datafield>
  <datafield tag="505" ind1="1" ind2=" ">
    <subfield code="a">Contenido:</subfield>
    <subfield code="g">v. 1 (2a. serie). --</subfield>
    <subfield code="t">I. Estudios fundamentales sobre el hombre, considerado bajo el triple aspecto de la religi&#xF3;n, de la moral y de las leyes. -- II. Ex&#xE1;men filos&#xF3;fico sobre las relaciones del &#xF3;rden natural y el sobrenatural ya entre si, ya con la perfecci&#xF3;n intelectual, moral y social de la especie humana. -- III. Disertaci&#xF3;n sobre el estudio de la lengua castellana, discurso sobre la bella literatura, disertaci&#xF3;n sobre la elocuencia religiosa, arengas, ensayos de cr&#xED;tica. </subfield>
  </datafield>
  <datafield tag="610" ind1="1" ind2="7">
    <subfield code="2">LEMB</subfield>
    <subfield code="a">M&#xE9;xico. </subfield>
    <subfield code="b">Seminario Tridentino de Morelia (Michoac&#xE1;n) </subfield>
  </datafield>
  <datafield tag="650" ind1=" " ind2="7">
    <subfield code="2">LEMB</subfield>
    <subfield code="a">Educaci&#xF3;n comparada</subfield>
    <subfield code="y">Siglo XIX</subfield>
    <subfield code="z">Michoac&#xE1;n de Ocampo</subfield>
    <subfield code="z">M&#xE9;xico</subfield>
  </datafield>
  <datafield tag="650" ind1=" " ind2="7">
    <subfield code="2">LEMB</subfield>
    <subfield code="a">Educaci&#xF3;n religiosa</subfield>
    <subfield code="y">Siglo XIX</subfield>
    <subfield code="z">Michoac&#xE1;n de Ocampo</subfield>
    <subfield code="z">M&#xE9;xico</subfield>
  </datafield>
  <datafield tag="650" ind1=" " ind2="7">
    <subfield code="2">LEMB</subfield>
    <subfield code="a">Educaci&#xF3;n y estado</subfield>
    <subfield code="y">Siglo XIX</subfield>
    <subfield code="z">Michoac&#xE1;n de Ocampo</subfield>
    <subfield code="z">M&#xE9;xico</subfield>
  </datafield>
  <datafield tag="650" ind1=" " ind2="7">
    <subfield code="2">ESCAMILLA</subfield>
    <subfield code="a">Lengua castellana</subfield>
    <subfield code="x">Cr&#xED;tica e interpretaci&#xF3;n</subfield>
  </datafield>
  <datafield tag="650" ind1=" " ind2="7">
    <subfield code="2">LEMB</subfield>
    <subfield code="a">Teolog&#xED;a moral </subfield>
    <subfield code="y">Siglo XIX</subfield>
  </datafield>
  <datafield tag="650" ind1=" " ind2="7">
    <subfield code="2">LEMB</subfield>
    <subfield code="a">Hombre (Teolog&#xED;a cristiana) </subfield>
    <subfield code="y">Siglo XIX</subfield>
  </datafield>
  <datafield tag="942" ind1=" " ind2=" ">
    <subfield code="2">lcc</subfield>
    <subfield code="c">LIB</subfield>
  </datafield>
  <datafield tag="952" ind1=" " ind2=" ">
    <subfield code="1">0</subfield>
    <subfield code="2">lcc</subfield>
    <subfield code="4">0</subfield>
    <subfield code="7">0</subfield>
    <subfield code="a">INV-033</subfield>
    <subfield code="b">INV-033</subfield>
    <subfield code="c">AAFM</subfield>
    <subfield code="d">2019-02-26</subfield>
    <subfield code="f">1a ed.</subfield>
    <subfield code="i">H</subfield>
    <subfield code="k">EH</subfield>
    <subfield code="o">BX1427.A35.M86 O27 1852 V.2 (2a. serie)</subfield>
    <subfield code="p">IIH000028207</subfield>
    <subfield code="r">2011-12-15 00:00:00</subfield>
    <subfield code="t">C:1</subfield>
    <subfield code="y">LIB</subfield>
    <subfield code="z">A-ANTIGUO MICH.</subfield>
  </datafield>
  <datafield tag="952" ind1=" " ind2=" ">
    <subfield code="1">0</subfield>
    <subfield code="2">lcc</subfield>
    <subfield code="4">0</subfield>
    <subfield code="7">0</subfield>
    <subfield code="a">INV-033</subfield>
    <subfield code="b">INV-033</subfield>
    <subfield code="c">AAFM</subfield>
    <subfield code="d">2019-02-26</subfield>
    <subfield code="f">1a ed.</subfield>
    <subfield code="i">H</subfield>
    <subfield code="k">EH</subfield>
    <subfield code="o">BX1427.A35.M86 O27 1852 V.1 (2a. serie) </subfield>
    <subfield code="p">IIH000000069</subfield>
    <subfield code="r">2011-12-15 00:00:00</subfield>
    <subfield code="t">C:1</subfield>
    <subfield code="y">LIB</subfield>
    <subfield code="z">A-ANTIGUO MICH.</subfield>
  </datafield>
</record>
